Quick Pick: Persian Gulf Countries Quiz Stats

 Plays Quiz Updated Apr 2, 2018

Score 0/8 Timer 01:00
2 Plays Today
% Correct
Saudi Arabia
87.1%
Kuwait
87%
Qatar
85.9%
Oman
79.4%
Iraq
74%
Iran
70.1%
United Arab Emirates
67.3%
Bahrain
52.7%

Today's Daily Dose

Missing Word
Wicked Songs

Word Ladder
Blue Ivies

Get the Picture
Green on the Flag?

You're not logged in!

Compare scores with friends on all Sporcle quizzes.
OR
Log In

You Might Also Like...

Show Comments

Extras

Top Quizzes Today


Score Distribution

Your Account Isn't Verified!

In order to create a playlist on Sporcle, you need to verify the email address you used during registration. Go to your Sporcle Settings to finish the process.

Report this User

Report this user for behavior that violates our Community Guidelines.

Details: